Statistics for Jurassic World Quiz

Click here to take the quiz!

General Stats

  • This quiz has been taken 22 times
  • The average score is 9 of 15

Answer Stats

HintAnswer% Correct
What is the most famous dinosaur in Jurassic World?Tyrannosaurus Rex
95%
What is the most dangerous dinosaur in Jurassic World?Indominus Rex
89%
What are two dinosaurs that have long necks in Jurassic World?Apatosaurus Brachiosaurus
79%
Which dinosaur has three horns?Triceratops
79%
What is the most armored dinosaur in Jurassic World?Ankylosaurus
74%
Which one of Owen's raptor has a color for it's name?Blue
74%
Who are the four heroes in Jurassic World?Owen Claire Franklin Zia
74%
What's the smallest dinosaur?Compsognathus
68%
Who creates new dinosaurs in his lab?Dr. Henry Wu
68%
Which dinosaur has crests and spits acid?Dilophosaurus
63%
What is the biggest dinosaur in Jurassic World?Mosasaur
63%
What's the fastest dinosaur in Jurassic World?Gallimimus
26%
Who owns Jurassic World?Simon Masrani
26%
Which people sell dinosaurs from Jurassic World?Gunner Eversol Eli Mills
21%
Who steals dinosaurs from Jurassic World?Ken Wheatley
16%

Score Distribution

Percentile by Number Answered

Percent of People with Each Score

Your Score History

You have not taken this quiz